Estadísticas para Capas de la Tierra y la atmósfera

Haz click aquí para intentar la prueba.

Estadísticas generales

  • Esta prueba ha sido intentada 1.482 veces
  • La puntuación promedio es 5 de 9

Respuestas en el mapa

Las respuestas están codificadas por una escala verde-roja en el mapa de la prueba según el % correcto abajo.
 

Estadísticas de respuestas

Capa% Correcto
Estratosfera
80%
Corteza
71%
Manto
62%
Troposfera
49%
Mesosfera
48%
Exosfera
47%
Núcleo externo
45%
Núcleo interno
45%
Termosfera
34%

Distribución de puntuación

Porcentaje por número respondido

Porcentaje de gente con cada puntuación

Historial de tus puntuaciones

No has intentado esta prueba.